Países que empiezan por S - Estadísticas

Estadísticas generales
  • Esta prueba ha sido intentada 226 veces
  • La puntuación promedio es 15 de 20
Estadísticas de respuestas
Respuesta % Correcto
Suiza
96%
Suecia
95%
Somalia
88%
Siria
82%
Serbia
81%
Sudán
81%
Senegal
78%
Samoa
77%
Santa Lucía
77%
San Marino
76%
Surinam
76%
Sudán del Sur
75%
San Cristóbal y Nieves
73%
Santo Tomé y Príncipe
71%
San Vicente y las Granadinas
67%
Singapur
67%
Seychelles
66%
Sri Lanka
60%
Sudáfrica
60%
Sierra Leona
51%
No se encontraron pruebas coincidentes
Distribución de puntuación
Porcentaje de gente con cada puntuación
Porcentaje por número respondido
Historial de tus puntuaciones
No has intentado esta prueba.